| 000 | 00333nam a22000977a 4500 | ||
|---|---|---|---|
| 999 |
_c21325 _d21325 |
||
| 008 | 240905b ||||| |||| 00| 0 eng d | ||
| 245 | _aImprovised kidney and lungs model / | ||
| 260 |
_aPhilippines; _bPublishers Association of the Philippines, Inc., _cJune 2019. |
||
| 300 |
_aVolume 168, pages 31, _billustration. |
||
| 942 |
_2ddc _cPER |
||